home page   АИС "Историко-культурное наследие Беларуси"
  Базовый | Расширенный | Профессиональный | Словарь персоналий | Тематический словарь | По видам объектов История запросов  Заказы    Регистрация

Запись в MARC-формате

копировать MARC-запись

=LDR  00000cx\\c2200265\\\45\\
=001  BY-NLB-ar12221
=005  20160209133928.7
=100  \\$a20001231arusy50\\\\\\ca0
=152  \\$apsbo
=160  \\$ae-ie
=215  \\$aИрландия
=300  1\$aВ 4 в. до н. э. заселена кельтами. В конце 12 в. началось завоевание Ирландии английскими феодалами. В 1914 г. английский парламент вынужден был принять закон об автономии. В 1921 гг. заключен англо-ирландский договор о предоставлении Ирландии (за исключением Северной Ирландии) статуса доминиона (Ирландское свободное государство). В 1949 г. провозлашена независимая Ирландская Республика (официальное название). Столица – г. Дублин.
=356  \\$aНаходится в Западной Европе, на острове Ирландия. Граничит на севере с Северной Ирландией, которая входит в состав Великобритании.
=415  \\$8ruseng$7ca0yba0y$aIreland
=415  \\$8rusiri$7ca0yba0y$aÉire
=415  \\$5a$aИрландское свободное государство
=415  \\$aИрландская Республика
=801  \2$aBY$bBY-HM0000$c20071009
=801  \0$aBY$bBY-HM0000$c20001231
=801  \1$aBY$bBY-HM0000$c20040804
=810  \\$aГеографический энциклопедический словарь : географические названия. — Москва, 2003.
=810  \\$aБольшая энциклопедия. В 62 т. Т. 19. — Москва, 2006.
=810  \\$aБеларуская энцыклапедыя. У 18 т. Т. 7. — Мінск, 1998.
=999  \\$g2786$t20071009

Чтобы вернуться назад, щелкните кнопку BACK на Вашем браузере